[Event "4NCL Division 3n"]
[Site "Shrigley Hall ENG"]
[Date "2015.01.11"]
[Round "4.191"]
[White "Jarmany, John"]
[Black "Richardson, Alex"]
[Result "1/2-1/2"]
[WhiteElo "2023"]
[BlackElo "2103"]
[PlyCount "105"]
[EventDate "2015.01.11"]
[WhiteTeam "Manchester Manticores 1"]
[BlackTeam "Cheddleton 2"]

1. e4 e5 2. Nf3 Nc6 3. d4 exd4 4. Nxd4 Qf6 5. Nxc6 bxc6 6. Nc3 Bc5 7. Qf3 Qxf3
8. gxf3 Ne7 9. Be3 Bb6 10. Rg1 O-O 11. Bd3 d6 12. h4 Be6 13. h5 Kh8 14. Ke2
Rae8 15. Rg3 f5 16. Bxb6 axb6 17. Rag1 Rf7 18. a4 c5 19. b3 d5 20. Nb5 Nc6 21.
Kf1 dxe4 22. fxe4 f4 23. Rg5 Ne5 24. Ke2 Bh3 25. Bc4 Nxc4 26. bxc4 Rxe4+ 27.
Kd3 Re8 28. Kc3 Bf5 29. Nxc7 Re2 30. h6 Bg6 31. hxg7+ Kxg7 32. Nd5 Rxc2+ 33.
Kb3 Rxf2 34. Nxb6 Re7 35. Rxc5 f3 36. Nd5 Rb7+ 37. Rb5 Rxb5+ 38. axb5 Rg2 39.
Rf1 f2 40. Kc3 Rg3+ 41. Kb4 Rf3 42. b6 Bd3 43. b7 Bxf1 44. b8=Q Rb3+ 45. Kxb3
Bxc4+ 46. Kc3 f1=Q 47. Qe5+ Kf7 48. Qe7+ Kg6 49. Qe6+ Kg7 50. Qg4+ Kf8 51. Qc8+
Kg7 52. Qg4+ Kf8 53. Qc8+ 1/2-1/2

[Event "4NCL Division 3n"]
[Site "Shrigley Hall ENG"]
[Date "2015.01.11"]
[Round "4.194"]
[White "Acey, Gerald"]
[Black "Timson, Paul.F"]
[Result "0-1"]
[WhiteElo "2092"]
[BlackElo "2129"]
[PlyCount "124"]
[EventDate "2015.01.11"]
[WhiteTeam "Cheddleton 2"]
[BlackTeam "Manchester Manticores 1"]

1. d4 Nf6 2. Bg5 g6 3. Bxf6 exf6 4. Nf3 Bg7 5. e3 f5 6. Bd3 c5 7. c3 Nc6 8. O-O
O-O 9. Nbd2 f4 10. d5 fxe3 11. fxe3 Ne5 12. Nxe5 Bxe5 13. Nc4 Bg7 14. Qf3 f5
15. a4 d6 16. Qg3 Re8 17. Rae1 Be5 18. Nxe5 dxe5 19. Rd1 Kh8 20. d6 Bd7 21. Bc4
Qf6 22. Qf3 Bxa4 23. Qxb7 Bxd1 24. Rxd1 Rab8 25. Qxa7 Rxb2 26. Qxc5 Qh4 27. Qd5
Qf2+ 28. Kh1 Kg7 29. d7 Rd8 30. Qxe5+ Kh6 31. Qf4+ Qxf4 32. exf4 Rxd7 33. Rf1
Rc7 34. Bd5 Rxc3 35. Kg1 Rd3 36. Bc6 Rdb3 37. Bd5 Rb4 38. Bc6 Rd2 39. Ba8 Rdd4
40. g3 Rd2 41. Rf2 Rb1+ 42. Kg2 Rxf2+ 43. Kxf2 Rb2+ 44. Kg1 Kg7 45. Bd5 h6 46.
h4 Kf6 47. Bc6 Ke7 48. Bd5 Kf6 49. Bc6 g5 50. hxg5+ hxg5 51. fxg5+ Kxg5 52. Bf3
Kf6 53. Bc6 Ke5 54. Ba8 Kd4 55. Bc6 Ke3 56. Bd5 Rd2 57. Bc6 Rd4 58. Kg2 Rg4 59.
Bd7 Rg5 60. Kh3 Kf3 61. Kh4 Rg4+ 62. Kh5 Ke4 0-1

[Event "4NCL Division 3n"]
[Site "Shrigley Hall ENG"]
[Date "2015.01.11"]
[Round "4.197"]
[White "Tyton, Adam"]
[Black "Davison, Colin FS"]
[Result "1/2-1/2"]
[WhiteElo "2010"]
[BlackElo "1995"]
[PlyCount "34"]
[EventDate "2015.01.11"]
[WhiteTeam "Manchester Manticores 1"]
[BlackTeam "Cheddleton 2"]

1. e4 e6 2. d4 d5 3. Nc3 Nf6 4. Bg5 Be7 5. e5 Ne4 6. Nxe4 dxe4 7. Bxe7 Qxe7 8.
c3 O-O 9. f4 exf3 10. Nxf3 c5 11. dxc5 Qxc5 12. Qd4 Qxd4 13. Nxd4 Bd7 14. O-O-O
a6 15. Be2 Ba4 16. b3 Bc6 17. Bf3 Bxf3 1/2-1/2

[Event "4NCL Division 3n"]
[Site "Shrigley Hall ENG"]
[Date "2015.01.11"]
[Round "4.189"]
[White "Wallace, Paul A"]
[Black "Henderson, David"]
[Result "1-0"]
[WhiteElo "2176"]
[BlackElo "2070"]
[PlyCount "87"]
[EventDate "2015.01.11"]
[WhiteTeam "Cheddleton 2"]
[BlackTeam "North East England 2"]

1. e4 e5 2. f4 Bc5 3. Nf3 d6 4. Nc3 Nc6 5. Bc4 a6 6. d3 Nf6 7. fxe5 dxe5 8. Bg5
h6 9. Bh4 Qd6 10. Qd2 Bg4 11. O-O-O Bxf3 12. gxf3 g5 13. Bf2 Nd4 14. Bxd4 Qxd4
15. h4 Qf2 16. Rdf1 Qxd2+ 17. Kxd2 Ke7 18. Ne2 Nh5 19. Rh2 Nf4 20. Rfh1 Nxe2
21. Kxe2 Rhg8 22. hxg5 hxg5 23. Rh7 Raf8 24. R1h6 Bd6 25. Re6+ Kd8 26. Rf6 g4
27. Rfxf7 gxf3+ 28. Kxf3 Rxf7+ 29. Bxf7 Rg1 30. Bd5 b6 31. c3 a5 32. Bc6 Bf8
33. d4 Rg6 34. Rd7+ Kc8 35. Rf7 Bg7 36. Bd7+ Kb7 37. Bf5 Rg5 38. d5 Kb8 39. Re7
Bf6 40. Re6 Bg7 41. Re8+ Kb7 42. Re7 Kb8 43. Bd7 Rg6 44. Bc6 1-0

[Event "4NCL Division 3n"]
[Site "Shrigley Hall ENG"]
[Date "2015.01.11"]
[Round "4.192"]
[White "Wise, David"]
[Black "Armstrong, Malcolm J"]
[Result "1/2-1/2"]
[WhiteElo "2105"]
[BlackElo "2083"]
[PlyCount "65"]
[EventDate "2015.01.11"]
[WhiteTeam "North East England 2"]
[BlackTeam "Cheddleton 2"]

1. d4 d5 2. c4 c6 3. Nc3 Nf6 4. Nf3 a6 5. cxd5 cxd5 6. Bf4 e6 7. e3 Bd6 8. Bd3
Bxf4 9. exf4 Qd6 10. g3 Nc6 11. O-O O-O 12. Rc1 b5 13. Re1 Bb7 14. Bb1 Rac8 15.
Qd3 g6 16. a3 Rc7 17. b4 Rfc8 18. Ne5 Ne4 19. Ne2 Qe7 20. Nxc6 Rxc6 21. Rxc6
Rxc6 22. Rc1 Qc7 23. Rxc6 Qxc6 24. Qc2 Qxc2 25. Bxc2 Nd6 26. Bd3 f6 27. h4 Kf7
28. Kf1 Ke7 29. Ke1 Nc4 30. Bxc4 dxc4 31. Kd2 Kd6 32. Nc3 Bc6 33. Ke3 1/2-1/2

[Event "4NCL Division 3n"]
[Site "Shrigley Hall ENG"]
[Date "2015.01.11"]
[Round "4.195"]
[White "Edwards, Simon R"]
[Black "Wilson, Kevin J"]
[Result "1/2-1/2"]
[WhiteElo "1913"]
[BlackElo "1803"]
[PlyCount "23"]
[EventDate "2015.01.11"]
[WhiteTeam "Cheddleton 2"]
[BlackTeam "North East England 2"]

1. e4 c6 2. d4 d5 3. e5 Bf5 4. h4 h5 5. Bg5 Qb6 6. Bd3 Bxd3 7. Qxd3 Qa6 8. Rh3
Qxd3 9. Rxd3 e6 10. Rb3 b6 11. Nd2 Ne7 12. Bxe7 1/2-1/2

[Event "4NCL Division 3n"]
[Site "Shrigley Hall ENG"]
[Date "2015.01.11"]
[Round "4.193"]
[White "Cawley, Paul.F"]
[Black "Robson, Paul E"]
[Result "1/2-1/2"]
[WhiteElo "2070"]
[BlackElo "1899"]
[PlyCount "81"]
[EventDate "2015.01.11"]
[WhiteTeam "Manchester Manticores 1"]
[BlackTeam "North East England 2"]

1. d4 Nf6 2. Bf4 g6 3. e3 d6 4. h3 Bg7 5. Nf3 c5 6. Nc3 cxd4 7. exd4 O-O 8. Be2
Qb6 9. Rb1 Bd7 10. O-O Na6 11. Re1 e6 12. Be3 d5 13. Ne5 Rac8 14. Bg5 Nb8 15.
Qd2 Bc6 16. Qf4 Nbd7 17. Nxc6 bxc6 18. Qh4 h6 19. Be3 Nh7 20. Red1 Qd8 21. Qg3
c5 22. dxc5 Nxc5 23. Bd4 Bxd4 24. Rxd4 Nf6 25. Rbd1 Qb6 26. Rh4 Kg7 27. Qe3 Rh8
28. Na4 Nxa4 29. Rxa4 Qxe3 30. fxe3 Rxc2 31. Bd3 Rxb2 32. Rxa7 Rc8 33. a4 Rc3
34. a5 Rbb3 35. Bf1 Rxe3 36. a6 Ne4 37. Rc1 Rbc3 38. Ra1 Ra3 39. Rb1 Reb3 40.
Rc1 Rc3 41. Rb1 1/2-1/2